[Event "XVII Weekend Citta' di Firenze A"]
[Site "Firenze ITA"]
[Date "2009.12.07"]
[Round "3"]
[White "Nicosia, Federico"]
[Black "Bini, Lorenzo"]
[Result "0-1"]
[WhiteElo "1800"]
[BlackElo "1922"]
[PlyCount "68"]
[EventDate "2009.12.06"]

1. e4 g6 2. d4 Bg7 3. Nc3 d6 4. Bg5 c6 5. Qd2 Qb6 6. O-O-O a5 7. f4 a4 8. a3
Qa5 9. Nf3 Na6 10. Na2 Qxd2+ 11. Rxd2 h6 12. Bh4 Nf6 13. Bd3 O-O 14. e5 dxe5
15. fxe5 Nd5 16. c4 g5 17. cxd5 gxh4 18. dxc6 bxc6 19. Be4 Bd7 20. Nxh4 h5 21.
Kb1 Rab8 22. Nf3 Rb6 23. Nc3 c5 24. Nd5 Rb3 25. Nxe7+ Kh8 26. d5 Rfb8 27. Ng5
Be8 28. Nf3 Rxa3 29. d6 Rab3 30. Rc1 a3 31. Rcc2 Bh6 32. d7 Bxd2 33. dxe8=Q+
Rxe8 34. Rxd2 Rxe7 0-1

[Event "XVII Weekend Citta' di Firenze A"]
[Site "Firenze ITA"]
[Date "2009.12.07"]
[Round "3"]
[White "Tocchioni, Doriano"]
[Black "Corso, Roberto"]
[Result "1-0"]
[WhiteElo "2290"]
[BlackElo "2083"]
[PlyCount "127"]
[EventDate "2009.12.06"]

1. Nf3 Nf6 2. g3 d5 3. Bg2 Bg4 4. c4 e6 5. Qb3 Qc8 6. Ne5 c6 7. Nc3 Bf5 8. cxd5
exd5 9. d4 Nbd7 10. Bf4 Be7 11. Rc1 Be6 12. O-O a6 13. Qd1 O-O 14. Nd3 Re8 15.
Na4 Bf8 16. Ndc5 Bf5 17. f3 Bxc5 18. dxc5 Qd8 19. Re1 Qa5 20. a3 Rac8 21. b4
Qd8 22. Qd4 Qe7 23. g4 Bg6 24. Rc3 h6 25. Bd6 Qd8 26. h3 Re6 27. e4 dxe4 28.
fxe4 Qe8 29. e5 Qd8 30. Rce3 Ne8 31. Nb2 Nc7 32. Nc4 Qh4 33. Na5 Nb5 34. Qd2
Qg5 35. Nxb7 Nxe5 36. Bxe5 Rxe5 37. Nd6 Rc7 38. Nxb5 axb5 39. Qe2 Rxe3 40. Qxe3
Qf6 41. Qe5 Qxe5 42. Rxe5 Kf8 43. Re2 f6 44. Rd2 Ke7 45. Rd6 Be8 46. Kf2 g6 47.
Ke2 Ra7 48. Bxc6 Bxc6 49. Rxc6 Rxa3 50. Rb6 Rxh3 51. Kf2 h5 52. gxh5 Rxh5 53.
Rxb5 Re5 54. Rb7+ Ke6 55. c6 Kd6 56. b5 Re7 57. b6 Re8 58. c7 Kd7 59. Rb8 Rc8
60. Ke3 g5 61. Kd4 g4 62. Kd5 Rxc7 63. bxc7 Kxc7 64. Rf8 1-0

[Event "XVII Weekend Citta' di Firenze A"]
[Site "Firenze ITA"]
[Date "2009.12.07"]
[Round "3"]
[White "Tocchioni, Maurizio"]
[Black "Bartolini, Tommaso"]
[Result "0-1"]
[WhiteElo "1939"]
[BlackElo "2185"]
[PlyCount "50"]
[EventDate "2009.12.06"]

1. e4 c5 2. Nf3 d6 3. Bb5+ Nc6 4. b4 cxb4 5. a3 Qb6 6. Qe2 a6 7. axb4 Bd7 8. c3
Rc8 9. Bd3 Nxb4 10. Na3 Nxd3+ 11. Qxd3 Nf6 12. O-O e5 13. Re1 Qc6 14. Bb2 Be7
15. h3 O-O 16. Rac1 Nh5 17. Qf1 f5 18. d4 fxe4 19. Nh2 e3 20. Rxe3 Bg5 21. Nc2
Bxe3 22. Nxe3 Ng3 23. Qe1 exd4 24. fxg3 dxe3 25. Qxe3 Rce8 0-1

[Event "XVII Weekend Citta' di Firenze A"]
[Site "Firenze ITA"]
[Date "2009.12.07"]
[Round "4"]
[White "Aleksic, Nenad"]
[Black "Efimov, Igor"]
[Result "1/2-1/2"]
[WhiteElo "2373"]
[BlackElo "2435"]
[PlyCount "21"]
[EventDate "2009.12.06"]

1. e4 e5 2. Nf3 Nf6 3. Nxe5 d6 4. Nf3 Nxe4 5. Nc3 Nf6 6. d4 d5 7. Bg5 c6 8. Qd2
Be7 9. Bd3 h6 10. Bh4 Be6 11. h3 1/2-1/2

[Event "XVII Weekend Citta' di Firenze A"]
[Site "Firenze ITA"]
[Date "2009.12.07"]
[Round "4"]
[White "Bartolini, Tommaso"]
[Black "Tocchioni, Doriano"]
[Result "1/2-1/2"]
[WhiteElo "2185"]
[BlackElo "2290"]
[PlyCount "126"]
[EventDate "2009.12.06"]

1. d4 d5 2. Bg5 Bf5 3. Nf3 h6 4. Bh4 Nf6 5. Bxf6 exf6 6. e3 Nc6 7. Bd3 Qd7 8.
O-O Bd6 9. c4 dxc4 10. Bxc4 O-O 11. Nc3 a6 12. Rc1 Rad8 13. a3 Ne7 14. Bd3 c6
15. Bxf5 Qxf5 16. Qc2 Qxc2 17. Rxc2 f5 18. g3 g5 19. Nd2 Bb8 20. Nb3 Ba7 21.
Na4 Rb8 22. Nac5 Rfd8 23. Nc1 Nd5 24. N1d3 Bb6 25. Rc4 Bc7 26. Nb4 Nb6 27. Rc2
a5 28. Na2 Nc8 29. Rd1 Ne7 30. Nc3 Bd6 31. Nb3 Ra8 32. Rcd2 a4 33. Nc5 b5 34.
Nb7 Rd7 35. Nxd6 Rxd6 36. d5 Rad8 37. e4 f6 38. f3 Kg7 39. Kf2 fxe4 40. fxe4
cxd5 41. exd5 f5 42. Ke2 Kf6 43. Nxb5 Rxd5 44. Nc3 Rxd2+ 45. Rxd2 Rxd2+ 46.
Kxd2 g4 47. Nxa4 f4 48. Nc3 f3 49. b4 Ke5 50. b5 Kd6 51. a4 Nd5 52. Ne4+ Kc7
53. a5 h5 54. Nf2 Kb7 55. h3 Nf6 56. Ke3 Nd5+ 57. Kd4 Nf4 58. hxg4 hxg4 59.
Nxg4 Ne2+ 60. Ke3 Nxg3 61. Kxf3 Nf5 62. b6 Nd4+ 63. Ke4 Nc6 1/2-1/2

[Event "XVII Weekend Citta' di Firenze A"]
[Site "Firenze ITA"]
[Date "2009.12.07"]
[Round "4"]
[White "Bernardini, Luca"]
[Black "Onesti, Luca"]
[Result "0-1"]
[WhiteElo "1913"]
[BlackElo "1983"]
[PlyCount "50"]
[EventDate "2009.12.06"]

1. e4 e5 2. d4 exd4 3. Qxd4 Nc6 4. Qe3 Bb4+ 5. Nc3 Nf6 6. Bd2 O-O 7. O-O-O d6
8. Bc4 Bc5 9. Qg5 Ng4 10. Qxd8 Nxd8 11. Nh3 Ne5 12. Bb3 Bxh3 13. gxh3 Bxf2 14.
Rdf1 Bb6 15. Nd5 Ndc6 16. Nxb6 axb6 17. a3 Nd4 18. Ba2 b5 19. Be3 Ne6 20. Rhg1
b4 21. Bxe6 fxe6 22. Rxf8+ Kxf8 23. axb4 Ra1+ 24. Kd2 Rxg1 25. Bxg1 Nf3+ 0-1

[Event "XVII Weekend Citta' di Firenze A"]
[Site "Firenze ITA"]
[Date "2009.12.07"]
[Round "4"]
[White "Bini, Lorenzo"]
[Black "Tocchioni, Maurizio"]
[Result "1-0"]
[WhiteElo "1922"]
[BlackElo "1939"]
[PlyCount "97"]
[EventDate "2009.12.06"]

1. f4 Nf6 2. g3 g6 3. Bg2 Bg7 4. Nf3 c6 5. O-O O-O 6. Nc3 d6 7. e3 Qa5 8. h3
Na6 9. a3 Bd7 10. Rb1 Rad8 11. b4 Qc7 12. Ne2 Qc8 13. Kh2 Nc7 14. Bb2 Rfe8 15.
Qc1 Na8 16. d3 Qc7 17. e4 e5 18. fxe5 dxe5 19. Qe3 Nb6 20. Kh1 Bc8 21. g4 Na4
22. Ba1 c5 23. bxc5 Nxc5 24. Ng3 b6 25. g5 Nfd7 26. Nh4 Ne6 27. Rf2 Nf4 28.
Ngf5 gxf5 29. Nxf5 Nxg2 30. Rxg2 Nf8 31. Rbg1 Ne6 32. Qg3 Nf4 33. Rf2 Bxf5 34.
exf5 Qc6+ 35. Kh2 Qa4 36. Qh4 Qxa3 37. Rxf4 exf4 38. Bxg7 Kxg7 39. Qh6+ Kg8 40.
g6 Re2+ 41. Kh1 fxg6 42. fxg6 hxg6 43. Qxg6+ Kf8 44. Qf6+ Ke8 45. Rg8+ Kd7 46.
Qxd8+ Kc6 47. Qc8+ Kb5 48. Qc4+ Ka5 49. Rg5+ 1-0

[Event "XVII Weekend Citta' di Firenze A"]
[Site "Firenze ITA"]
[Date "2009.12.07"]
[Round "4"]
[White "Chiarion, Elisa"]
[Black "Galletti, Armando"]
[Result "0-1"]
[WhiteElo "1908"]
[BlackElo "1850"]
[PlyCount "74"]
[EventDate "2009.12.06"]

1. b4 e6 2. a3 d5 3. Bb2 Nf6 4. e3 Nbd7 5. c4 c6 6. Nf3 Bd6 7. Nc3 O-O 8. Be2
Ne5 9. Nxe5 Bxe5 10. f4 Bc7 11. O-O Bd7 12. Qc2 Rc8 13. Rf3 e5 14. f5 e4 15.
Rf2 Re8 16. g4 h5 17. g5 Ng4 18. Bxg4 hxg4 19. f6 g6 20. Ne2 Bf5 21. c5 g3 22.
hxg3 Bg4 23. Nf4 Qd7 24. Nxg6 Bf3 25. Rh2 fxg6 26. f7+ Kxf7 27. Rh7+ Ke6 28.
Rxd7 Kxd7 29. d3 Bxg3 30. Rf1 Rh8 31. Bxh8 Rxh8 32. Rxf3 exf3 33. Qd1 Rf8 34.
e4 Bh4 35. exd5 Bxg5 36. dxc6+ bxc6 37. Qe1 f2+ 0-1

[Event "XVII Weekend Citta' di Firenze A"]
[Site "Firenze ITA"]
[Date "2009.12.07"]
[Round "4"]
[White "Corso, Roberto"]
[Black "De Nadai, Daniele"]
[Result "1/2-1/2"]
[WhiteElo "2083"]
[BlackElo "1883"]
[PlyCount "133"]
[EventDate "2009.12.06"]

1. d4 Nf6 2. c4 g6 3. Nc3 Bg7 4. e4 d6 5. g3 O-O 6. Bg2 Nbd7 7. Nge2 e5 8. d5
Nc5 9. b4 Na6 10. a3 c6 11. O-O c5 12. Qb3 b6 13. f4 Nh5 14. Ra2 Nc7 15. a4
cxb4 16. Qxb4 Na6 17. Qb5 Nc5 18. Qb1 f5 19. fxe5 Bxe5 20. Bh6 Ng7 21. Nb5 fxe4
22. Rxf8+ Qxf8 23. a5 Bf5 24. Be3 Qc8 25. Nbd4 bxa5 26. Nc6 Bf6 27. Rxa5 Qb7
28. Rb5 Qa6 29. Rb8+ Rxb8 30. Qxb8+ Kf7 31. Qxd6 Qa1+ 32. Bf1 Bh3 33. Qc7+ Nd7
34. Qf4 Nf5 35. Bxa7 Bg5 36. Qf2 Ke8 37. Nf4 Bxf1 38. Qxf1 Qxf1+ 39. Kxf1 Bxf4
40. gxf4 Nd6 41. Na5 Ke7 42. Ke2 Kf6 43. Be3 h6 44. c5 Nb5 45. Kd2 Kf5 46. c6
Nf6 47. d6 Nxd6 48. Nb7 Nc8 49. Bc5 Ke6 50. Bd4 Nd5 51. Be5 g5 52. fxg5 Kxe5
53. gxh6 Nf6 54. Nc5 Nh7 55. Ke3 Kd6 56. Nxe4+ Kxc6 57. h4 Ne7 58. Kf4 Kd5 59.
Ng5 Nf8 60. h5 Ng8 61. h7 Nxh7 62. Nxh7 Ke6 63. Kg5 Kf7 64. Kf5 Kg7 65. Nf6
Nxf6 66. h6+ Kxh6 67. Kxf6 1/2-1/2

[Event "XVII Weekend Citta' di Firenze A"]
[Site "Firenze ITA"]
[Date "2009.12.07"]
[Round "4"]
[White "Corti, Massimo"]
[Black "Malescusi, Luciano"]
[Result "1-0"]
[WhiteElo "2031"]
[BlackElo "1920"]
[PlyCount "87"]
[EventDate "2009.12.06"]

1. d4 Nf6 2. Bg5 e6 3. Nd2 d5 4. Ngf3 Be7 5. e3 c5 6. c3 Nc6 7. Bd3 b6 8. Ne5
Bb7 9. f4 Nxe5 10. fxe5 Ne4 11. Bxe7 Qxe7 12. Qa4+ Kf8 13. Bxe4 dxe4 14. O-O f5
15. exf6 gxf6 16. Rxf6+ Kg7 17. Rf4 Rhf8 18. Raf1 Rxf4 19. Rxf4 a6 20. Qd1 Kh8
21. Nc4 Rg8 22. Ne5 Rg7 23. Qh5 Kg8 24. Ng4 Bc6 25. Nh6+ Kh8 26. Qe5 Be8 27.
Qxe4 cxd4 28. Qf3 Rg6 29. Nf7+ Bxf7 30. Rxf7 Qg5 31. cxd4 h6 32. g3 h5 33. Rf8+
Kh7 34. Qf7+ Rg7 35. Qxe6 h4 36. Qf5+ Qxf5 37. Rxf5 hxg3 38. hxg3 Rxg3+ 39. Kf2
Rh3 40. Ke2 Kg6 41. Rf3 Rh2+ 42. Rf2 Rh1 43. Kd3 Rh3 44. d5 1-0

[Event "XVII Weekend Citta' di Firenze A"]
[Site "Firenze ITA"]
[Date "2009.12.07"]
[Round "4"]
[White "Garofalo, Simone"]
[Black "Bini, Alessandro"]
[Result "1-0"]
[WhiteElo "1996"]
[BlackElo "1915"]
[PlyCount "110"]
[EventDate "2009.12.06"]

1. e4 g6 2. d4 Bg7 3. c4 d6 4. Nc3 Nf6 5. Be2 O-O 6. Nf3 Nbd7 7. O-O a6 8. h3
c6 9. Re1 b5 10. Bf1 b4 11. Nb1 e5 12. dxe5 Nxe5 13. Nxe5 dxe5 14. Qa4 Qb6 15.
a3 c5 16. axb4 cxb4 17. Be3 Qb7 18. Nd2 Bd7 19. Qa5 Bc6 20. f3 Nd7 21. Nb3 Bf6
22. Nc5 Nxc5 23. Bxc5 Be7 24. Bxe7 Qxe7 25. Qb6 Qa7 26. Qxa7 Rxa7 27. Ra5 Re8
28. Rd1 Re6 29. Rd8+ Kg7 30. Rb8 Bb7 31. Rd8 Ra8 32. Rxa8 Bxa8 33. c5 Bb7 34.
Ra4 Rc6 35. Rxb4 Bc8 36. Rc4 f5 37. exf5 gxf5 38. b4 f4 39. Bd3 Be6 40. Rc3 Bc8
41. Kf2 h5 42. Be4 Rc7 43. Rd3 a5 44. bxa5 Rxc5 45. Rd5 Rc1 46. Rxe5 Ba6 47. g4
fxg3+ 48. Kxg3 Rg1+ 49. Kh4 Kf6 50. Rxh5 Bc8 51. Rh6+ Ke5 52. Rc6 Bb7 53. Rc5+
Kd4 54. Rg5 Rxg5 55. Kxg5 Bc8 1-0

[Event "XVII Weekend Citta' di Firenze A"]
[Site "Firenze ITA"]
[Date "2009.12.07"]
[Round "4"]
[White "Gori, Marco"]
[Black "Molina, Fabrizio"]
[Result "0-1"]
[WhiteElo "1881"]
[BlackElo "2220"]
[PlyCount "56"]
[EventDate "2009.12.06"]

1. e4 d6 2. d4 Nf6 3. Nc3 e5 4. Nf3 Nbd7 5. Bc4 Be7 6. Bxf7+ Kxf7 7. Ng5+ Kg8
8. Ne6 Qe8 9. Nxc7 Qg6 10. O-O Rb8 11. dxe5 Nxe5 12. N3d5 Nxd5 13. Nxd5 Bf8 14.
f3 Be6 15. Nf4 Qf7 16. b3 h6 17. Be3 a6 18. Qe1 Kh7 19. Qg3 Be7 20. Rad1 Rbd8
21. Bd4 Ng6 22. Nxe6 Qxe6 23. Qe1 Bf6 24. f4 Bxd4+ 25. Rxd4 Qf6 26. Qd2 Rhf8
27. g3 Ne5 28. Qe2 Nf3+ 0-1

[Event "XVII Weekend Citta' di Firenze A"]
[Site "Firenze ITA"]
[Date "2009.12.07"]
[Round "4"]
[White "Guglielmi, Dante"]
[Black "Madiai, Federico"]
[Result "0-1"]
[WhiteElo "1918"]
[BlackElo "2112"]
[PlyCount "110"]
[EventDate "2009.12.06"]

1. c4 g6 2. Nc3 Bg7 3. g3 e5 4. Bg2 Ne7 5. e3 c5 6. Nge2 Nbc6 7. O-O d6 8. b3
O-O 9. Bb2 Bf5 10. Ne4 Rb8 11. d4 Bxe4 12. Bxe4 exd4 13. exd4 b5 14. cxb5 Rxb5
15. Qd2 Nxd4 16. Nxd4 cxd4 17. Bxd4 Bxd4 18. Qxd4 Qb6 19. Rfd1 Qxd4 20. Rxd4 d5
21. Bf3 Rc8 22. Rad1 Rc2 23. R1d2 Rxd2 24. Rxd2 Kg7 25. Rc2 Rb7 26. Kf1 Kf6 27.
Rd2 Ke5 28. Bg2 Rc7 29. f4+ Kd6 30. Kf2 Rc3 31. g4 a5 32. Ke2 Kc5 33. Rb2 f5
34. Kd2 Kd4 35. g5 Rd3+ 36. Ke2 Kc3 37. Bf1 Rd4 38. Rb1 Rd2+ 39. Ke3 d4+ 40.
Kf3 d3 41. a3 Nd5 42. Rc1+ Rc2 43. Rd1 d2 44. Bc4 Rc1 45. Rxd2 Kxd2 46. Bxd5
Rc3+ 47. Kf2 Rh3 48. Kg2 Rd3 49. Bg8 Ke3 50. Bxh7 Kxf4 51. Bxg6 Rxb3 52. h4
Rxa3 53. Bh5 a4 54. g6 Rg3+ 55. Kf2 a3 0-1

[Event "XVII Weekend Citta' di Firenze A"]
[Site "Firenze ITA"]
[Date "2009.12.07"]
[Round "4"]
[White "Lorenzetti, Giacomo"]
[Black "Nones, Giorgio"]
[Result "0-1"]
[WhiteElo "1825"]
[BlackElo "2053"]
[PlyCount "112"]
[EventDate "2009.12.06"]

1. e4 c5 2. Nc3 e6 3. Nge2 a6 4. a3 Qc7 5. g3 Nc6 6. Bg2 Nf6 7. O-O Be7 8. d3
d6 9. h3 O-O 10. f4 Bd7 11. g4 Nd4 12. Be3 Nxe2+ 13. Qxe2 Bc6 14. g5 Nd7 15. h4
f5 16. Rae1 Rae8 17. Qd2 Nb6 18. b3 d5 19. Ne2 dxe4 20. dxe4 Rd8 21. Qc1 Rd7
22. a4 Rfd8 23. Rd1 Rxd1 24. Rxd1 Rxd1+ 25. Qxd1 fxe4 26. Ng3 c4 27. Bxe4 Nd5
28. Qf3 cxb3 29. cxb3 Nxe3 30. Qxe3 Bxa4 31. Qf3 Qc1+ 32. Kh2 Qb2+ 33. Kh3 Qxb3
34. Bxb7 Qxf3 35. Bxf3 a5 36. Nf1 Bb4 37. Ne3 Bb3 38. Bd1 Bxd1 39. Nxd1 a4 40.
Ne3 a3 41. Nc2 a2 42. Kg4 Bc3 43. Kf3 a1=Q 44. Nxa1 Bxa1 45. Ke4 Kf7 46. h5 g6
47. h6 Ke7 48. Ke3 Kd6 49. Ke4 Bb2 50. Kf3 Kd5 51. Ke3 Bc1+ 52. Kf3 Kd4 53. Kg3
Ke4 54. Kg4 Bxf4 55. Kh4 Kf3 56. Kh3 e5 0-1

[Event "XVII Weekend Citta' di Firenze A"]
[Site "Firenze ITA"]
[Date "2009.12.07"]
[Round "4"]
[White "Nicosia, Federico"]
[Black "Carboni, Giancarlo"]
[Result "1-0"]
[WhiteElo "1800"]
[BlackElo "1904"]
[PlyCount "49"]
[EventDate "2009.12.06"]

1. e4 c5 2. Nf3 Nc6 3. d4 cxd4 4. Nxd4 g6 5. Nc3 Bg7 6. Be3 Nf6 7. Bc4 O-O 8.
O-O Ng4 9. Bxf7+ Rxf7 10. Nxc6 dxc6 11. Qxd8+ Rf8 12. Qxe7 Bf6 13. Qc5 Be6 14.
h3 Nxe3 15. Qxe3 Bf7 16. Rad1 Be6 17. Rd6 Rae8 18. Rfd1 Be5 19. R6d3 Bf4 20.
Qxa7 Bc4 21. Rd7 Ba6 22. Qb6 Be5 23. Qb3+ Kh8 24. Rf7 Rg8 25. Rdd7 1-0

[Event "XVII Weekend Citta' di Firenze A"]
[Site "Firenze ITA"]
[Date "2009.12.07"]
[Round "4"]
[White "Parrini, Daniele"]
[Black "Mauro, Alan"]
[Result "0-1"]
[WhiteElo "2072"]
[BlackElo "2174"]
[PlyCount "124"]
[EventDate "2009.12.06"]

1. e4 c5 2. Nf3 Nc6 3. d4 cxd4 4. Nxd4 g6 5. c4 Bg7 6. Be3 Nf6 7. Nc3 O-O 8.
Be2 d6 9. O-O Nd7 10. Qd2 Nc5 11. Rfd1 Bd7 12. Ndb5 Be6 13. f3 a6 14. Na3 Rc8
15. Nd5 Ne5 16. Rac1 Bxd5 17. exd5 a5 18. b3 b6 19. Nb5 Qd7 20. h3 f5 21. f4
Nf7 22. Bf3 g5 23. g3 gxf4 24. gxf4 Kh8 25. Kh2 Nh6 26. Rg1 Bf6 27. Bd4 Ne4 28.
Qb2 Rce8 29. Bh5 Ra8 30. Bf3 a4 31. Rg2 axb3 32. axb3 Nc5 33. Rcg1 Ne4 34. Ra1
Qb7 35. Rgg1 Ra5 36. Rxa5 bxa5 37. Ra1 Qb8 38. Bxf6+ Nxf6 39. Rxa5 Rg8 40. Ra1
Qe8 41. Rg1 Rxg1 42. Kxg1 Qd8 43. Kh2 Qa5 44. Nxd6 Qc7 45. Nb5 Qxf4+ 46. Kg2
Qg5+ 47. Kh1 Qh4 48. Bg2 Qe1+ 49. Kh2 Kg8 50. Bf3 Kf8 51. d6 e5 52. Qe2 Qh4 53.
Kg2 e4 54. Nd4 Qg5+ 55. Kh2 Qf4+ 56. Kh1 Qxd6 57. Nb5 Qg3 58. Bg2 f4 59. Bxe4
Qxh3+ 60. Kg1 Nhg4 61. Bc6 Qg3+ 62. Qg2 Qe3+ 0-1

[Event "XVII Weekend Citta' di Firenze A"]
[Site "Firenze ITA"]
[Date "2009.12.07"]
[Round "4"]
[White "Scali, Fausto"]
[Black "Fusari, Paolo"]
[Result "1-0"]
[WhiteElo "1938"]
[BlackElo "1905"]
[PlyCount "61"]
[EventDate "2009.12.06"]

1. e4 e5 2. Nf3 f5 3. Nxe5 Qe7 4. d4 Nf6 5. Nc3 d6 6. Nc4 d5 7. Ne3 dxe4 8. Bc4
Nc6 9. O-O Na5 10. Bb5+ c6 11. Ba4 b5 12. Nxb5 cxb5 13. Bxb5+ Bd7 14. Nxf5 Qe6
15. Bxd7+ Qxd7 16. Ng3 Bd6 17. Nxe4 Nxe4 18. Re1 O-O 19. Rxe4 Nc6 20. c4 Qf7
21. f3 Qxc4 22. d5 Bc5+ 23. Kh1 Nd4 24. Be3 Qxd5 25. Bxd4 Rad8 26. Qa4 Bxd4 27.
Rd1 Qb7 28. Rexd4 Rc8 29. Qd7 Qxb2 30. Qe6+ Kh8 31. Qxc8 1-0

[Event "XVII Weekend Citta' di Firenze A"]
[Site "Firenze ITA"]
[Date "2009.12.08"]
[Round "5"]
[White "Bardi, Giuliano"]
[Black "Lorenzetti, Giacomo"]
[Result "1-0"]
[WhiteElo "1901"]
[BlackElo "1825"]
[PlyCount "55"]
[EventDate "2009.12.06"]

1. e4 e5 2. Bc4 Nf6 3. Nc3 Bc5 4. d3 Nc6 5. f4 d6 6. Nf3 Na5 7. fxe5 dxe5 8.
Bg5 Nxc4 9. dxc4 Bb4 10. Qxd8+ Kxd8 11. O-O-O+ Bd7 12. Nxe5 Ke8 13. Bxf6 gxf6
14. Nxd7 Bxc3 15. bxc3 Ke7 16. Nc5 b6 17. Nd3 Rhg8 18. Nf4 c6 19. Rd2 Rg4 20.
g3 Rg5 21. Rhd1 Ra5 22. Rd7+ Ke8 23. Rc7 Rxa2 24. Kb1 Ra4 25. Rdd7 a6 26. Nh5
Rxc4 27. Nxf6+ Kf8 28. Rxf7# 1-0

[Event "XVII Weekend Citta' di Firenze A"]
[Site "Firenze ITA"]
[Date "2009.12.08"]
[Round "5"]
[White "Bernardini, Luca"]
[Black "Scali, Fausto"]
[Result "0-1"]
[WhiteElo "1913"]
[BlackElo "1938"]
[PlyCount "54"]
[EventDate "2009.12.06"]

1. e4 c5 2. Nc3 e6 3. Nge2 d5 4. exd5 exd5 5. d4 Nf6 6. g3 Nc6 7. Bg5 Be6 8.
Bg2 cxd4 9. Nxd4 Be7 10. O-O O-O 11. Nxe6 fxe6 12. Bh3 Qd6 13. Nb5 Qe5 14. Bf4
Qxb2 15. Nc7 e5 16. Nxa8 exf4 17. Nc7 fxg3 18. hxg3 Nd4 19. Ne6 Nxe6 20. Bxe6+
Kh8 21. Bxd5 Bc5 22. Bf3 Qe5 23. Kg2 Ne4 24. Qe2 Bxf2 25. Rxf2 Qxg3+ 26. Kf1
Nxf2 27. Re1 Nh1 0-1

[Event "XVII Weekend Citta' di Firenze A"]
[Site "Firenze ITA"]
[Date "2009.12.08"]
[Round "5"]
[White "Bini, Alessandro"]
[Black "Corso, Roberto"]
[Result "0-1"]
[WhiteElo "1915"]
[BlackElo "2083"]
[PlyCount "114"]
[EventDate "2009.12.06"]

1. c4 Nf6 2. Nc3 e6 3. Nf3 b6 4. g3 Bb7 5. Bg2 Be7 6. O-O O-O 7. d3 d5 8. cxd5
exd5 9. Nd4 Re8 10. Nf5 Bf8 11. Bg5 c6 12. e4 d4 13. Ne2 c5 14. b3 Nbd7 15. Rc1
a5 16. a4 Ra7 17. Bf4 Ne5 18. Bxe5 Rxe5 19. f4 Re8 20. Bf3 Bc8 21. Nh4 Ng4 22.
Bxg4 Bxg4 23. Kg2 Bd7 24. f5 Be7 25. Nf3 b5 26. Ne5 bxa4 27. bxa4 Rb7 28. Nf4
Bf8 29. Nxd7 Qxd7 30. Nd5 Rb2+ 31. Kg1 Reb8 32. Qg4 Qxa4 33. f6 g6 34. Ne7+ Kh8
35. Rxc5 Qa2 36. Qh3 Rb1 37. Rcc1 Rxc1 38. Rxc1 Qd2 39. Qc8 Qe3+ 40. Kg2 Qe2+
41. Kg1 Qe3+ 42. Kg2 Rxc8 43. Rxc8 Qe2+ 44. Kg1 Qe3+ 45. Kg2 Qh6 46. h4 a4 47.
Ra8 a3 48. Rxa3 Qd2+ 49. Kh3 Qc1 50. Ra8 Qh1+ 51. Kg4 h5+ 52. Kf4 Qc1+ 53. Ke5
Qc5+ 54. Kf4 Qc1+ 55. Ke5 Qc7+ 56. Kxd4 Qb6+ 57. Ke5 Qe6+ 0-1

[Event "XVII Weekend Citta' di Firenze A"]
[Site "Firenze ITA"]
[Date "2009.12.08"]
[Round "5"]
[White "Burgassi, Daniele"]
[Black "Fusari, Paolo"]
[Result "1/2-1/2"]
[WhiteElo "1897"]
[BlackElo "1905"]
[PlyCount "133"]
[EventDate "2009.12.06"]

1. e4 e5 2. Nf3 f5 3. Bc4 Nc6 4. d3 Nf6 5. O-O Bc5 6. Nc3 d6 7. Bg5 h6 8. Bxf6
Qxf6 9. Nd5 Qd8 10. Nd2 g6 11. Nf3 f4 12. h3 h5 13. c3 Bb6 14. Nxb6 axb6 15. d4
g5 16. dxe5 Nxe5 17. Nxe5 dxe5 18. Qxd8+ Kxd8 19. Rfd1+ Ke7 20. f3 Be6 21. Bd5
c6 22. Bxe6 Kxe6 23. a3 g4 24. hxg4 hxg4 25. fxg4 Rhg8 26. Rd2 Rad8 27. Rad1
Rxd2 28. Rxd2 Rxg4 29. Rd3 f3 30. Rxf3 Rxe4 31. Kf2 b5 32. Rd3 Rf4+ 33. Ke2 Rg4
34. Kf2 e4 35. Rd8 Rg7 36. Rd4 Ke5 37. Rd8 Rg6 38. Rd7 b6 39. Rd8 Ke6 40. Rd4
Rg4 41. Rd8 Ke7 42. Rd4 c5 43. Rd5 Ke6 44. Rd8 Rg5 45. Rd1 Ke5 46. Rd8 Rg4 47.
Rd7 Rg8 48. Rb7 Kd5 49. Rxb6 Kc4 50. b3+ Kd3 51. Rd6+ Kxc3 52. a4 bxa4 53. bxa4
c4 54. a5 Kc2 55. Ke3 Rxg2 56. Kxe4 c3 57. a6 Rg7 58. Kd4 Rg4+ 59. Ke3 Ra4 60.
Rb6 Kc1 61. Kd3 c2 62. Ke2 Ra3 63. Ke1 Ra2 64. Ke2 Rb2 65. Rxb2 Kxb2 66. a7
c1=Q 67. a8=Q 1/2-1/2

[Event "XVII Weekend Citta' di Firenze A"]
[Site "Firenze ITA"]
[Date "2009.12.08"]
[Round "5"]
[White "Caprino, Marco"]
[Black "Parrini, Daniele"]
[Result "0-1"]
[WhiteElo "1888"]
[BlackElo "2072"]
[PlyCount "82"]
[EventDate "2009.12.06"]

1. Nf3 g6 2. c4 Bg7 3. g3 c5 4. Bg2 Nc6 5. Nc3 e5 6. d3 Nge7 7. O-O O-O 8. a3
d6 9. Rb1 a5 10. Nb5 h6 11. Bd2 Be6 12. b4 axb4 13. axb4 Nxb4 14. Bxb4 cxb4 15.
Rxb4 d5 16. c5 b6 17. cxb6 Qxb6 18. Rb1 Qa5 19. Qd2 Qxd2 20. Nxd2 Ra2 21. Rfd1
Rb8 22. Nc3 Rxb1 23. Ndxb1 Rb2 24. e3 d4 25. exd4 exd4 26. Ne4 Bb3 27. Re1 Bc2
28. Na3 Bxd3 29. Nc5 Nf5 30. Nxd3 Rb3 31. Nf4 Rxa3 32. Re8+ Bf8 33. Bd5 Kg7 34.
Kf1 d3 35. Rd8 Ra1+ 36. Kg2 d2 37. Bf3 Nd6 38. Rd7 d1=Q 39. Bxd1 Rxd1 40. Ne6+
Kg8 41. Nd8 Rc1 0-1

[Event "XVII Weekend Citta' di Firenze A"]
[Site "Firenze ITA"]
[Date "2009.12.08"]
[Round "5"]
[White "De Nadai, Daniele"]
[Black "Annoni, Riccardo"]
[Result "0-1"]
[WhiteElo "1883"]
[BlackElo "2081"]
[PlyCount "46"]
[EventDate "2009.12.06"]

1. d4 d5 2. Bf4 Nf6 3. h3 c5 4. e3 Qb6 5. b3 cxd4 6. exd4 Nc6 7. c3 Bf5 8. Bd3
Bxd3 9. Qxd3 e6 10. Nd2 Be7 11. Qe3 O-O 12. Ngf3 a5 13. Ne5 Nxe5 14. dxe5 d4
15. Nc4 Qc6 16. cxd4 Qxg2 17. Ke2 Nd5 18. Qf3 b5 19. Nd2 Qxf3+ 20. Kxf3 Rfc8
21. Rhc1 Ba3 22. Rxc8+ Rxc8 23. Nb1 Bb2 0-1

[Event "XVII Weekend Citta' di Firenze A"]
[Site "Firenze ITA"]
[Date "2009.12.08"]
[Round "5"]
[White "Efimov, Igor"]
[Black "Garofalo, Simone"]
[Result "1-0"]
[WhiteElo "2435"]
[BlackElo "1996"]
[PlyCount "55"]
[EventDate "2009.12.06"]

1. Nf3 Nf6 2. c4 g6 3. Nc3 Bg7 4. d4 d6 5. Bg5 Na6 6. e3 c5 7. Be2 O-O 8. O-O
b6 9. Nd2 Bb7 10. d5 Nc7 11. e4 e5 12. a3 Qe8 13. b4 Nd7 14. Rb1 f5 15. exf5
Rxf5 16. Nde4 Qf8 17. bxc5 Nxc5 18. Nxc5 dxc5 19. Ne4 h6 20. Be3 Ne8 21. Nxc5
Bc8 22. Ne4 Nd6 23. Nxd6 Qxd6 24. Qc1 h5 25. c5 bxc5 26. Bxc5 Qd8 27. Be3 Kh8
28. Qc6 1-0

[Event "XVII Weekend Citta' di Firenze A"]
[Site "Firenze ITA"]
[Date "2009.12.08"]
[Round "5"]
[White "Galletti, Armando"]
[Black "Corti, Massimo"]
[Result "0-1"]
[WhiteElo "1850"]
[BlackElo "2031"]
[PlyCount "66"]
[EventDate "2009.12.06"]

1. d4 Nf6 2. c4 g6 3. Nc3 Bg7 4. e4 d6 5. f3 O-O 6. Bd3 c5 7. d5 e6 8. Nge2 a6
9. Bf4 exd5 10. exd5 Nh5 11. Qd2 Nxf4 12. Qxf4 Re8 13. Ne4 f5 14. N4c3 Qf6 15.
O-O Nd7 16. Qd2 Ne5 17. a4 Bd7 18. f4 Nxd3 19. Qxd3 Re7 20. Rae1 Rae8 21. Qd2
Qh4 22. g3 Qg4 23. Kg2 Bf6 24. Ng1 g5 25. Rxe7 Rxe7 26. h3 Qh5 27. Re1 Rg7 28.
Qe2 Qh6 29. g4 gxf4 30. Nb5 axb5 31. cxb5 fxg4 32. a5 f3+ 33. Nxf3 Qxh3+ 0-1

[Event "XVII Weekend Citta' di Firenze A"]
[Site "Firenze ITA"]
[Date "2009.12.08"]
[Round "5"]
[White "Guglielmi, Dante"]
[Black "Gori, Marco"]
[Result "1-0"]
[WhiteElo "1918"]
[BlackElo "1881"]
[PlyCount "121"]
[EventDate "2009.12.06"]

1. c4 c6 2. Nc3 d5 3. cxd5 cxd5 4. d4 Bf5 5. Nf3 e6 6. Bf4 Bd6 7. Bxd6 Qxd6 8.
e3 Nc6 9. Be2 a6 10. O-O Nf6 11. Rc1 O-O 12. Nh4 Bg6 13. Nxg6 hxg6 14. Na4 Nd7
15. Nc5 Nxc5 16. Rxc5 Rac8 17. Qb3 Qb8 18. Rfc1 Ne7 19. Qb6 Rxc5 20. Rxc5 Rc8
21. b4 Rxc5 22. dxc5 Qc8 23. b5 axb5 24. Bxb5 Kh7 25. a4 g5 26. a5 g6 27. a6
bxa6 28. Bxa6 Qc6 29. Qxc6 Nxc6 30. Bb7 Na7 31. Kf1 Kg7 32. Ke2 Kf6 33. Kd3 Ke7
34. e4 dxe4+ 35. Bxe4 Kd7 36. Kc3 f5 37. Ba8 Ke7 38. Kb4 Kd7 39. Ka5 Kc7 40. g3
g4 41. Ka6 Nc6 42. Kb5 Na7+ 43. Kc4 Kd7 44. Kd4 Nb5+ 45. Ke5 Ke7 46. Bc6 Nc7
47. Ba4 Kf7 48. Kd6 Nd5 49. c6 Nb6 50. Bb3 Nc8+ 51. Kd7 Nb6+ 52. Kd8 Na8 53. c7
Nxc7 54. Kxc7 Kf6 55. Kd6 e5 56. Bd1 e4 57. Kd5 g5 58. Be2 Kg6 59. Ke5 f4 60.
Bxg4 fxg3 61. hxg3 1-0